Normale Ansicht MARC-Ansicht ISBD

Dank und Kritik in leisen Tönen (Titelsatznr. 372456)

[ MARC ]
MARC-Details
000 -Satzkennung
Kontrollfeld mit fester Länge 00766nab a2200217 4500
001 - Kontrollnummer
Kontrollfeld 244442
003 - Kontrollnummer Identifier
Kontrollfeld OSt
005 - Datum und Zeit der letzten Transaktion
Kontrollfeld 20230516103901.0
007 - Feld mit fester Länge zur physischen Beschreibung - Allgemeine Information
Kontrollfeld mit fester Länge tu
008 - Feld mit fester Länge zur physischen Beschreibung - Allgemeine Angaben
Kontrollfeld mit fester Länge 200917s2020|||||||
040 ## - Katalogisierungsquelle
Original-Katalogisierungsstelle DE-2950
Übertragungsstelle DE-2950
245 00 - Titel
Titel Dank und Kritik in leisen Tönen
Zusatz zum Titel Viadrina. Nach dem Online-Treffen mit Selenskyj gab es nun Präsenz-Gespräch mit dem Botschafter der Ukraine, Oleksij Makejew, an der Europa-Universität /
Verfasserangabe etc. Peggy Lohse
264 ## - Produktion, Veröffentlichung, Distribution, Herstellung und Urheberrechtsvermerk
Datum der Herstellung, der Veröffentlichung, des Vertriebs oder des Urheberschutzvermerks 2023
653 ## - Indexierungsterm - Nicht normiert
Nicht-normierter Term Frankfurt (Oder)
653 ## - Indexierungsterm - Nicht normiert
Nicht-normierter Term Veranstaltung
653 ## - Indexierungsterm - Nicht normiert
Nicht-normierter Term Ukraine-Krieg
653 ## - Indexierungsterm - Nicht normiert
Nicht-normierter Term Diskussion
653 ## - Indexierungsterm - Nicht normiert
Nicht-normierter Term Makejew, Oleksij; Botschafter der Ukraine in Deutschland, geb. 1975 in Kiew
773 0# - Übergeordnete Einheit
Verknüpfungsangaben 34. Jahrgang (2023) Nr. 105 vom 06.05.2023, S. 21
Titel Märkische Oderzeitung
942 ## - Zusätzliche Felder (Koha)
Klassifikation oder Aufstellungssystematik Andere/Generische Klassifikation
Koha-Medientyp Aufsätze
Exemplare
Ausgeschieden Verloren Klassifikation oder Aufstellungssystematik Beschädigt Nicht entleihbar Heimatbibliothek Aufenthaltsbibliothek Aufstellungsort Erwerbungsdatum Anzahl Ausleihen Signatur Letzte Aktivität Preis gültig von Koha-Medientyp
    Andere/Generische Klassifikation     Stadtarchiv Frankfurt (Oder) | Archivbibliothek Stadtarchiv Frankfurt (Oder) | Archivbibliothek Magazin 10/05/2023   Z2 16/05/2023 16/05/2023 Aufsätze